Disciplinary action against government servants and its remedies. (Record no. 65695)
[ view plain ]
| 000 -LEADER | |
|---|---|
| fixed length control field | 00958cam a22002411 4500 |
| 001 - CONTROL NUMBER | |
| control field | sa 65008354 |
| 003 - CONTROL NUMBER IDENTIFIER | |
| control field | DLC |
| 005 - DATE AND TIME OF LATEST TRANSACTION | |
| control field | 20260227112155.0 |
| 008 - FIXED-LENGTH DATA ELEMENTS--GENERAL INFORMATION | |
| fixed length control field | 870814s1965 ii 000 0 eng |
| 010 ## - LIBRARY OF CONGRESS CONTROL NUMBER | |
| LC control number | sa 65008354 |
| 025 ## - OVERSEAS ACQUISITION NUMBER | |
| Overseas acquisition number | PL480:I-E-4596 |
| 035 ## - SYSTEM CONTROL NUMBER | |
| System control number | (OCoLC)16464703 |
| 040 ## - CATALOGING SOURCE | |
| Original cataloging agency | DLC |
| Transcribing agency | WaU |
| Modifying agency | DLC |
| 042 ## - AUTHENTICATION CODE | |
| Authentication code | premarc |
| 050 00 - LIBRARY OF CONGRESS CALL NUMBER | |
| Classification number | KNS2408 |
| Item number | .S66 1965 |
| 100 1# - MAIN ENTRY--PERSONAL NAME | |
| Personal name | Srivastava, Kirpa Dayal. |
| 245 10 - TITLE STATEMENT | |
| Title | Disciplinary action against government servants and its remedies. |
| Remainder of title | A comprehensive and practical book dealing with dismissals, removals, discharge, suspensions, reduction in rank, retrenchment, compulsory retirement, superannuation and resignation, etc., |
| Statement of responsibility, etc. | by Kirpa Dayal Srivastava and Naresh Kumar Srivastava. |
| 250 ## - EDITION STATEMENT | |
| Edition statement | [2d ed.] |
| 260 ## - PUBLICATION, DISTRIBUTION, ETC. | |
| Place of publication, distribution, etc. | Lucknow, |
| Name of publisher, distributor, etc. | Eastern Book Co. |
| Date of publication, distribution, etc. | [1965] |
| 300 ## - PHYSICAL DESCRIPTION | |
| Extent | lviii, 680 p. |
| Dimensions | 25 cm. |
| 651 #0 - SUBJECT ADDED ENTRY--GEOGRAPHIC NAME | |
| Geographic name | India |
| General subdivision | Officials and employees |
| -- | Discipline. |
| 700 1# - ADDED ENTRY--PERSONAL NAME | |
| Personal name | Srivastava, Naresh Kumar, |
| Relator term | joint author. |
No items available.